LEADER 02190nam a2200385 i 4500 001 000000030360 003 CaOOAMICUS 005 20211111100941.0 008 180830s17011702fr u000 u lat u 040 $aSeMil$bita 130 0 $aBibbia.$0(OLS)http://semarc/title/402691 245 00$aBiblia sacra vulgatae editionis Sixti 5. & Clementis 8. Pont. Max. auctoritate recognita. 250 $aEditio nova notis chronologicis, historicis et geographicis illustrata 264 1$aParisiis :$bexcudebat Antonius Vitré : apud Antonium Dezallier, viâ Jacobeâ, sub corona aurea,$c1701-1702$e([Parisiis] :$fex typographeo Joannis-Baptistae Cusson : juxta exemplar Vitraeanum : sumptibus Antonii Dezallier,$g 1702) 300 $a2 v. ;$c4° 500 $aColophon in fine al vol. 2. 500 $aTesto su due colonne. - Iniz., fregi xilogr. 500 $aNote ms. a margine del testo 500 $aIl vol. 2 pubblicato nel 1701 500 $aMarca xilogr. di Vitrè (Ercole. Virtus non territa monstris) non controllata sui front. e in fine al vol. 2 650 4$aBibbia - Traduzioni latine - Vulgata.$0(OLS)http://semarc/subject/1529 700 0 $aSixtus V,$c.$0(OLS)http://semarc/name/13746 700 0 $aClemens VIII,$c.$0(OLS)http://semarc/name/3051 700 1 $aCusson, Jean-Baptiste,$c.$0(OLS)http://semarc/name/13950 700 1 $aDezallier, Antoine,$c.$0(OLS)http://semarc/name/2743 710 0 $aVitré, Antoine$c.$0(OLS)http://semarc/name/13949 774 0 $t[Tomus 1].$g1$w()232125 774 0 $tSacrorum bibliorum pars altera, complectens Prophetas cum libris Machabaeorum et Novum Testamentum, una cum indicibus.$g2$w()232126 900 0 $aSisto V$c. 900 0 $aClemente VIII$c. 996 $6245$aBiblia sacra vulgatae editionis Sixti 5. & Clementis 8. Pont. Max. auctoritate recognita$9(OLS)http://semarc/title/41317 996 $6264$aParisiis :$bexcudebat Antonius Vitré : apud Antonium Dezallier, viâ Jacobeâ, sub corona aurea$9(OLS)http://semarc/publisher/38501 LEADER 00993nam a2200241 i 4500 001 000000190551 003 CaOOAMICUS 005 20100621000000.0 008 100621s1972 be u000 u fre u 013 $a168964 040 $aSeMil$bita 100 1 $aGenicot, Léopold,$d<1914-1995>.$0(OLS)http://semarc/name/85 245 14$aLes actes publics. A-3. 2 /$cPar L. Genicot. 260 $aTurnhout :$bBrepols,$c1972. 300 $a49 p. ;$c24 cm. 490 0 $aTypologie des sources du Moyen Age occidental ;$vFasc.3 500 $aIn coda al vol. : Mise à jour du fascicule n. 3 [Bibliographie, 11 p. ]. 830 0$aTypologie des sources du Moyen Age occidental ;$vFasc.3.$0(OLS)http://semarc/title/122 850 $aSeMil 852 $aSeMil$W1$xVenegono$y1$m2U II 103$j141168$B141168$CSeMilBibl$Z2$F152775 $81 961 $aOmaggio: Altro 996 $6245$aLes actes publics. A-3. 2$9(OLS)http://semarc/title/274512 996 $6260$aTurnhout :$bBrepols$9(OLS)http://semarc/publisher/29626